00784 2200241 4500001002100000005001500021035002000036007000300056008004100059020001800100082000800118084001400126100002500140245003400165250001000199260004400209300001200253500022800265650001800493856001700511990000700528990000700535INLIS00000000000007120220126085221 a0010-0122000071ta220126 g 0 ind  a9789790502512 a004 a004 SUH m0 aSuharno Widi Nugroho1 aMengenal Komputer :bHardware aed. 1 aJakarta :bBina Sumber Daya Mipa,c2009 a116 hlm aBuku ini merupakan salah satu dari 12 buku seri jendela infotech. buku ini disusun secara sederhana yang disesuaikan dengan kurikulum dan pelajaran di sekolah dengan tujuan agar siswa sekolah dasar tingkat lanjutan pertama. 4aIlmu Komputer aKoleksi Umum a72 a73